Регионална библиотека "Любен Каравелов" - Русе

Предучилищното образование - ретроспекция, състояние, тенденции, предизвикателства и промени (Запис номер 334382)

MARC детайли
000 -Лидер
Контролно поле с фиксирана дължина 01494nam a2200349 c 4500
003 - Код на организацията, давaща контролен номер
Контролно поле BLK
005 - Дата и час на последна редакция
Контролно поле 20231220114937.0
008 - Елементи от данни с фиксирана дължина
fixed length control field 180410b bul|||||r ||||||| ||bul||
010 ## - Наследен системен номер
LC control number KNG00163562000
020 ## - Международен стандартен номер на книга ISBN
Международен стандартен номер на книга ISBN 978-954-07-4713-2
040 ## - Източник на каталожния запис
Идентификатор на билиотеката - собственик на записа BLK
041 ## - Код за език
Код за езика на текст/звукозапис или на отделно заглавие Български
Код за езика КДБФ Български
072 #7 - Код за тематичната категория
Код организация bullib
Код за тематична категория Н37
Текст Образование. Педагогика Н
080 ## - УДК
Текстов определител УДК Занимания в предучилищна възраст
УДК код - определител по УДК 372.3
100 1# - Редна дума - Автор
Автор Ангелов, Божидар Михайлов
R(LIN) 31376
139 ## - Редно поле
Редна дума Ангелов, Божидар Михайлов
Авторски знак Ан - А 64
245 10 - Сведения за заглавието
Заглавие Предучилищното образование - ретроспекция, състояние, тенденции, предизвикателства и промени
Редно поле (дума) Божидар Михайлов Ангелов.
257 ## - Страна на издаване
Страна на създаване/издаване България
260 ## - Област на издателските данни
Име на издателя, разпространителя и проч. Унив. изд. Св. Климент Охридски
Година на издаване 2019
Място на издаване, разпространение и проч. София
300 ## - Физическа характеристика
Страници 216 с.
Размери/Мащаб 20 см
380 ## - Жанр
Жанр Обществени науки
500 ## - Общи забележки
Забележка Библиогр.: с. 210-214.
650 #4 - Допълнително описание по предмет – тема
Основно описание – тема или топоним Предучилищно възпитание
9 (RLIN) 241578
650 #0 - Допълнително описание по предмет – тема
Основно описание – тема или топоним Предучилищно възпитание - състояние и проблеми - методика
9 (RLIN) 255353
653 ## - Ключова дума – ненормативна
Ключова дума предучилищна възраст
653 ## - Ключова дума – ненормативна
Ключова дума методика на преподаването
852 ## - Местоположение
Фондова буква Заемна - подръчен фонд
Систематично-азбучна сигнатура П 37/А 64
856 4# - Електронен адрес и достъп
Електронен формат pdf - файл
856 4# - Електронен адрес и достъп
Електронен формат pdf - файл
999 ## - СИСТЕМНИ КОНТРОЛНИ НОМЕРА
Koha biblionumber 334382
Koha biblioitemnumber 334382
942 ## - АРТИКУЛИ
Вид на библиотечния материал Книги
Скрит в OPAC Не
Koha issues (borrowed), all copies 3
944 ## - СЪЗДАВАНЕ И РЕДАКЦИЯ на ЗАПИСА
Служител, извършил регистрацията/редакцията 30560
Статус, дата на статуса Геновева Генчева
Наличности
Код за отписване Код за изгубен артикул Източник на класификационната схема Код за повреда Код за отдаване Артикулен № Име на библиотеката - собственик Име на библиотеката, в която се намира в момента Статус (Текущо местоположение) Дата на вписване в системата Местоположение - отдел Цена в лева Систематично азбучна сигнатура Баркод Цена в евро Служебен тип на артикула
  Не е изгубен Universal Decimal Classification Не е повреден заемане за дома 737254 Регионална библиотека "Любен Каравелов" Русе Регионална библиотека "Любен Каравелов" Русе Заемна - подръчен фонд 2019-09-09 Заемна - подръчен фонд 12.80 П 37/А 64 120000836070 6.54 Книги
Vip Innovations Ltd, Rousse, Bulgaria 2025